| 000 | 00435nam a22001697a 4500 | ||
|---|---|---|---|
| 003 | DO-SdBNP | ||
| 005 | 20210803123556.0 | ||
| 008 | 2021 dr |||| 00| 0 spa d | ||
| 040 |
_aBPMSU _bspa _cBPMSU |
||
| 100 | _aMoya Pons, Frank | ||
| 245 |
_aHistoria Dominicana para niƱos / _cFrank Moya Pons. |
||
| 250 | _a2a ed. | ||
| 260 |
_aSanto Domingo , _b1979 |
||
| 300 |
_a84 p. ; _bil. _c24 cm. |
||
| 910 | _aMcabrera | ||
| 942 |
_2ddc _cBK |
||
| 999 |
_c13612 _d13612 |
||